Corporate communications : (Record no. 61903)
[ view plain ]
| 000 -LEADER | |
|---|---|
| fixed length control field | 00791nam a2200253 a 4500 |
| 001 - CONTROL NUMBER | |
| control field | 61903 |
| 003 - CONTROL NUMBER IDENTIFIER | |
| rucl marc code | BD-RjUL |
| 005 - DATE AND TIME OF LATEST TRANSACTION | |
| control field | 20211209081021.0 |
| 008 - FIXED-LENGTH DATA ELEMENTS--GENERAL INFORMATION | |
| fixed length control field | 170122s2004 enka b 001 0 eng |
| 020 ## - INTERNATIONAL STANDARD BOOK NUMBER | |
| International Standard Book Number | 0761997466 (paper back) |
| 035 ## - SYSTEM CONTROL NUMBER | |
| System control number | (BD-RjUL)62028 |
| 040 ## - CATALOGING SOURCE | |
| Original cataloging agency | DLC |
| Transcribing agency | DLC |
| Modifying agency | BD-RjUL |
| Language of cataloging | eng |
| 041 ## - LANGUAGE CODE | |
| Language code of text/sound track or separate title | eng |
| 082 00 - DEWEY DECIMAL CLASSIFICATION NUMBER | |
| Classification number | 658.45 |
| Edition number | 23 |
| Author mark and year | FEC 2004 |
| 100 1# - MAIN ENTRY--PERSONAL NAME | |
| Personal name | Fernandez, Joseph, |
| Dates associated with a name | 1968- |
| 9 (RLIN) | 184261 |
| 245 10 - TITLE STATEMENT | |
| Title | Corporate communications : |
| Remainder of title | a 21st century primer / |
| Statement of responsibility, etc. | Joseph Fernandez. |
| 260 ## - PUBLICATION, DISTRIBUTION, ETC. (IMPRINT) | |
| Place of publication, distribution, etc. | Thousand Oaks, Calif. : |
| Name of publisher, distributor, etc. | Response Books, |
| Date of publication, distribution, etc. | c2004. |
| 300 ## - PHYSICAL DESCRIPTION | |
| Pagination | 282 p. : |
| Illustrations | ill. ; |
| Size | 22 cm. |
| 504 ## - BIBLIOGRAPHY, ETC. NOTE | |
| Bibliography, etc | Includes bibliographical references and index. |
| 650 #0 - SUBJECT ADDED ENTRY--TOPICAL TERM | |
| Topical term or geographic name as entry element | Business communication. |
| 9 (RLIN) | 182111 |
| Topical term or geographic name as entry element | Advertising. |
| 9 (RLIN) | 184262 |
| 942 ## - ADDED ENTRY ELEMENTS (KOHA) | |
| Source of classification or shelving scheme | Dewey Decimal Classification |
| Koha item type | Books |
| Lost status | Source of classification or shelving scheme | Damaged status | Not for loan | Collection code | Permanent Location | Current Location | Shelving location | Date acquired | Source of acquisition | Cost, normal purchase price | Total Checkouts | Full call number | Date last seen | Copy number | Koha item type |
|---|---|---|---|---|---|---|---|---|---|---|---|---|---|---|---|
| Dewey Decimal Classification | Not For Loan | Non-fiction | Central Library, University of Rajshahi | Central Library, University of Rajshahi | Reading Room | 07/02/2008 | Dhaka paragon enterprises ltd. | 360.00 | 658.45 FEC 2004 | 22/01/2017 | C-1 | Books |